01393nam a2200277ui 4500001001900000003000600019005001700025008004100042020002500083035002100108035002600129035002400155040003300179050002500212100004800237245004500285260003000330300002400360520048400384650003700868650003300905651006100938942000800999952009301007999001501100990231290290107026UkOxU20250711113321.0221007s2022 enk|||| | |||| ||eng d a9781784878092 (pbk.) a(UkOxU)023129029 a(UkOxU)023129029BIB01 a(StEdALDL)1/4200876 aStEdALDLbengerdacStEdALDL aPS3515 b.E53S9 2014 aHemingway, Ernestd1899-1961925736eauthor00aThe sun also rises c/ Ernest Hemingway. aLondon :bVintage,c2022. a216 pages ;c20 cm. aParis in the twenties: Pernod, parties and expatriate Americans, loose-living on money from home. Jake is wildly in love with Brett Ashley, aristocratic and irresistibly beautiful, with an abandoned, sensuous nature that she cannot change. When the couple drift to Spain to the dazzle of the fiesta and the heady atmosphere of the Bullfight, their affair is strained by new passions, new jealousies, and Jake must finally learn that he will never possess the woman that he loves. 0aAmericanszSpainvFiction925737 0aExpatriationvFiction925738 0aSpainxHistory yAlfonso XIII, 1886-1931vFiction925739 2lcc 00102lcc4070aTBSbTBSd2025-07-11l0oP-EN HEMpB05844r2025-07-11t1w2025-07-11y1 c4849d4849